| 000 | 02100nam0a2200373 4500 | ||
|---|---|---|---|
| 001 | RU\NLR\bibl\1761034 | ||
| 005 | 20260408023625.0 | ||
| 010 |
_a978-5-905252-03-7 _9250 |
||
| 021 |
_aRU _b2011-24762 _91761 |
||
| 035 | _a(nilc)RSL-KNO-004925053 | ||
| 035 | _a(NLR Aleph) 001751850 | ||
| 090 |
_a1523817 _c1523817 |
||
| 100 | _a20110411d2010 |||y0rusy50 ca | ||
| 101 | 0 | _arus | |
| 102 | _aRU | ||
| 105 | _aa ||||||||| | ||
| 200 | 1 |
_aМолодая наука - 2010 _eматериалы Открытой международной научно-практической конференции, посвященной 65-летию Победы в Великой Отечественной войне _f[редкол.: к.социол.н., доц. Мерзаканов С.А. (отв. ред.) и др.] |
|
| 210 |
_aТуапсе _aКраснодар _cНаука и образование _d2010 |
||
| 215 |
_a144 с. _cил. _d21 |
||
| 300 | _aВ надзаг.: Гос. образоват. учреждение высш. проф. образования Фил. Рос. гос. гидрометеорол. ун-та г. Туапсе, Краснод. край, Абхаз. гос. ун-т, г. Сухум, Упр. образования Администрации муницип. образования Туапс. р-н | ||
| 320 | _aБиблиогр. в конце ст. | ||
| 606 | 1 |
_aВысшие учебные заведения _xНаучные конференции _yТомск, город _92198584 _3RU\NLR\auth\661321272 |
|
| 686 |
_aЯ431(2)3 _2rubbk |
||
| 686 | _aЯ431(2)3 | ||
| 702 | 1 |
_aМерзаканов _bС. А. _gСергей Айтечевич _4340 |
|
| 711 | 1 | 2 |
_a"Молодая наука 2010", открытая международная научно-практическая конференция _eТуапсе _9865093 _3RU\NLR\AUTH\8810184195 |
| 801 | 0 |
_aRU _bRuMoRKP _c20110411 _grcr |
|
| 801 | 1 |
_aRU _bРГБ _c20110411 |
|
| 801 | 2 |
_aRU _bNLR _c20110419 _grcr |
|
| 830 | _aред. по ЭК | ||
| 942 | _cBOOK | ||
| 980 | _aNB | ||
| 980 | _aNBR | ||